00854nam a2200277 450000100060000001000180000602100070002409000100003110000400004110100080008110200070008920001090009621000500020521500330025522500280028860600310031667500250034767500210037270000250039370100290041870100310044780100180047899000110049699400090050799500600051634869 a9789892602691 aPT a34869 a20220913 frey50 0 apor aPT1 aAs mil cores do sorriso da Mariaftexto e il. Ana Daniela Soaresg Ana Luisa Costa, João Carlos Ramos aCoimbracImprensa da Universidade,dD.L. 2012 a37, [3] p.cmuito il.d22 cm2 aDescobrir as ciências aDentesxCuidados e higiene a087.5-053.5vBNzpor a616.314vBNzpor 1aSoares,bAna Daniela 1aCosta,bAna Luísa4070 1aRamos,bJoão Carlos4070 0aPTbRMBLgRPC cLIVROS aCOMP 0010948424bEBSISdEBSISf6916k087.5 SOAo0rLIVROSs